[Event "MGL-ch 57th"]
[Site "Dadal"]
[Date "2017.03.24"]
[Round "10"]
[White "Altanbayar, Tserenpeljee"]
[Black "Ariunbuuvei, Badamdorj"]
[Result "1-0"]
[WhiteElo "1952"]
[BlackElo "2194"]
[PlyCount "131"]
[EventDate "2017.03.17"]
[EventType "tourn"]
[EventRounds "11"]
[EventCountry "MGL"]
[SourceTitle "CBM 177 Extra"]
[Source "ChessBase"]
[SourceDate "2017.04.27"]
[SourceVersion "1"]
[SourceVersionDate "2017.04.27"]
[SourceQuality "1"]

1. e4 e5 2. Nf3 Nc6 3. Bb5 Nf6 4. 0-0 Nxe4 5. d4 Nd6 6. Bxc6 dxc6 7. dxe5 Nf5 8. Qxd8+ Kxd8 9. Nc3 Ke8 10. h3 h5 11. Rd1 Be7 12. b3 Be6 13. Ng5 h4 14. Nxe6 fxe6 15. Ne4 Rh5 16. Kf1 c5 17. c3 Rd8 18. Rxd8+ Kxd8 19. Ba3 b6 20. Rd1+ Kc8 21. Bc1 Kb7 22. Ke2 Kc6 23. f4 Rh8 24. Kf3 a5 25. c4 Rf8 26. Kg4 g6 27. Nc3 Nh6+ 28. Kf3 Nf5 29. Rd3 Nh6 30. Ke4 Nf5 31. Bd2 Ng3+ 32. Kf3 g5 33. Ne4 gxf4 34. Be1 Rf5 35. Bc3 Nf1 36. a4 Ne3 37. Nf2 Rf8 38. Bd2 Nc2 39. Ng4 Nd4+ 40. Ke4 Bg5 41. Nh2 Nf5 42. Kf3 Nd4+ 43. Ke4 Rf5 44. Nf3 Ne2 45. Be1 Bh6 46. Rd8 Nc1 47. Rh8 Bf8 48. Nxh4 Rf7 49. Ng6 Bg7 50. Rh7 Rd7 51. Bc3 Ne2 52. Ba1 Rd1 53. Rxg7 Rxa1 54. Nxf4 Nd4 55. Rg3 Rb1 56. h4 Nxb3 57. Nxe6 Nd2+ 58. Kf5 Nxc4 59. h5 Re1 60. h6 Rxe5+ 61. Kf6 Kd5 62. Nxc7+ Kd6 63. h7 Kxc7 64. h8Q Rd5 65. Rg7+ Rd7 66. Ke6 1-0

[Event "MGL-ch 57th"]
[Site "Dadal"]
[Date "2017.03.20"]
[Round "5"]
[White "Amartuvshin, Ganzorig"]
[Black "Ariunbuuvei, Badamdorj"]
[Result "1/2-1/2"]
[WhiteElo "2158"]
[BlackElo "2194"]
[PlyCount "161"]
[EventDate "2017.03.17"]
[EventType "tourn"]
[EventRounds "11"]
[EventCountry "MGL"]
[SourceTitle "CBM 177 Extra"]
[Source "ChessBase"]
[SourceDate "2017.04.27"]
[SourceVersion "1"]
[SourceVersionDate "2017.04.27"]
[SourceQuality "1"]

1. d4 Nf6 2. c4 e6 3. Nc3 Bb4 4. Nf3 d5 5. cxd5 exd5 6. Qa4+ Nc6 7. Bg5 0-0 8. e3 h6 9. Bxf6 Qxf6 10. Be2 Be6 11. 0-0 a6 12. Rfc1 Bd6 13. Qd1 Ne7 14. a3 Ng6 15. b4 Qe7 16. Na4 Bg4 17. h3 Bc8 18. Qb3 c6 19. Nc5 f5 20. Bd3 Nh4 21. Be2 Kh8 22. g3 Nxf3+ 23. Bxf3 Qf6 24. Qd3 g6 25. Bg2 h5 26. h4 g5 27. Qe2 Qg6 28. hxg5 Qxg5 29. f4 Qxg3 30. Qxh5+ Kg7 31. Qh3 Qxh3 32. Bxh3 a5 33. b5 b6 34. Na4 cxb5 35. Nxb6 Rb8 36. Nxd5 Bb7 37. Nc7 Kf6 38. Nxb5 Be7 39. Na7 Rg8+ 40. Kf2 Be4 41. Ra2 Rh8 42. Kg3 Rh7 43. Nc8 Rb3 44. Re2 Bxa3 45. Rc4 Rb1 46. d5 Rh1 47. Rc6+ Kf7 48. Rc7+ Kg6 49. Rxh7 Kxh7 50. d6 Kg7 51. Bg2 Rd1 52. Bxe4 fxe4 53. Ra2 Bb4 54. f5 Rf1 55. d7 Rd1 56. Kf4 Rxd7 57. Nb6 Rb7 58. Nc4 Re7 59. Nxa5 Bd6+ 60. Kg5 Ra7 61. Ra1 Be5 62. Ra3 Bd6 63. Ra1 Be5 64. Ra3 Bb2 65. Ra4 Bf6+ 66. Kf4 Bc3 67. Kxe4 Bxa5 68. Kf3 Kf6 69. e4 Ke5 70. Ra2 Kd4 71. Ra4+ Kc5 72. e5 Kd5 73. e6 Kd6 74. Ke4 Ke7 75. Ra2 Ra8 76. Rh2 Bc3 77. Rh7+ Kf6 78. Rf7+ Kg5 79. e7 Bf6 80. Kd5 Re8 81. Ke4 1/2-1/2

[Event "Ulaanbaatar Ikh Nuudel op"]
[Site "Ulaanbaatar"]
[Date "2016.10.04"]
[Round "8"]
[White "Ariunbuuvei, Badamdorj"]
[Black "Munkhzul, Turmunkh"]
[Result "0-1"]
[WhiteElo "2192"]
[BlackElo "2023"]
[PlyCount "75"]
[EventDate "2016.09.29"]
[EventType "swiss"]
[EventRounds "9"]
[EventCountry "MGL"]
[SourceTitle "CBM 174 Extra"]
[Source "ChessBase"]
[SourceDate "2016.10.10"]
[SourceVersion "1"]
[SourceVersionDate "2016.10.10"]
[SourceQuality "1"]

1. d4 f5 2. c4 Nf6 3. g3 e6 4. Bg2 Bb4+ 5. Bd2 Be7 6. Nc3 0-0 7. Nf3 d5 8. Bf4 c6 9. cxd5 exd5 10. 0-0 Nbd7 11. Qc2 Ne4 12. Ne5 Bf6 13. Nxd7 Bxd7 14. Rad1 Qe7 15. Rfe1 g5 16. Be5 Bxe5 17. dxe5 Rae8 18. f4 gxf4 19. gxf4 Kh8 20. Rd3 Qh4 21. Rf1 Rg8 22. Nxe4 fxe4 23. Rg3 Rxg3 24. hxg3 Qxg3 25. Qc3 Qg7 26. Kf2 Rg8 27. Ke1 Qxg2 28. e6+ Qg7 29. Qxg7+ Rxg7 30. f5 Bxe6 31. fxe6 Re7 32. Rf8+ Kg7 33. Ra8 a6 34. b4 Kf6 35. a4 Kxe6 36. Kd2 Kd6 37. Ke3 Kc7 38. a5 0-1

[Event "Ulaanbaatar Ikh Nuudel op"]
[Site "Ulaanbaatar"]
[Date "2016.10.01"]
[Round "3"]
[White "Sukhbold, Yadamsuren"]
[Black "Ariunbuuvei, Badamdorj"]
[Result "1-0"]
[WhiteElo "1877"]
[BlackElo "2192"]
[PlyCount "63"]
[EventDate "2016.09.29"]
[EventType "swiss"]
[EventRounds "9"]
[EventCountry "MGL"]
[SourceTitle "CBM 174 Extra"]
[Source "ChessBase"]
[SourceDate "2016.10.10"]
[SourceVersion "1"]
[SourceVersionDate "2016.10.10"]
[SourceQuality "1"]

1. c4 e5 2. Nc3 Nf6 3. g3 Bb4 4. Bg2 0-0 5. Qc2 Re8 6. a3 Bxc3 7. Qxc3 d5 8. cxd5 Nxd5 9. Qc2 Nc6 10. b4 Nd4 11. Qd1 Nc6 12. e3 Bf5 13. d3 Nb6 14. b5 Ne7 15. e4 Bd7 16. Rb1 a6 17. bxa6 Rxa6 18. Nf3 Na4 19. Bd2 Bg4 20. Qc2 Nc6 21. Be3 Nb6 22. Ra1 Bxf3 23. Bxf3 Nb4 24. Qb3 Nxd3+ 25. Ke2 Nxf2 26. Kxf2 Qf6 27. Kg2 Rea8 28. Rhc1 Qd6 29. Bc5 Qd2+ 30. Kg1 Na4 31. Be3 Qd6 32. Qxb7 1-0

[Event "MGL-ch blitz"]
[Site "Ulaanbaatar"]
[Date "2015.09.18"]
[Round "12"]
[White "Ariunbuuvei, Badamdorj"]
[Black "Gan Od, Sereenen"]
[Result "0-1"]
[WhiteElo "1997"]
[BlackElo "2249"]
[PlyCount "70"]
[EventDate "2015.09.18"]
[EventType "tourn (blitz)"]
[EventRounds "15"]
[EventCountry "MGL"]
[SourceTitle "EXT 2016"]
[Source "ChessBase"]
[SourceDate "2015.10.08"]
[SourceVersion "1"]
[SourceVersionDate "2015.10.08"]
[SourceQuality "1"]

1. g3 Nf6 2. Bg2 g6 3. e4 d6 4. Nc3 Bg7 5. d3 0-0 6. f4 c5 7. Nf3 Nc6 8. 0-0 Bg4 9. h3 Bxf3 10. Bxf3 Nd4 11. Bg2 Rb8 12. a4 a6 13. Be3 Nd7 14. Kh2 b5 15. axb5 axb5 16. Ra2 b4 17. Ne2 b3 18. cxb3 Nxe2 19. Qxe2 Rxb3 20. f5 Ne5 21. fxg6 hxg6 22. Rd1 Qb8 23. d4 cxd4 24. Bxd4 Nc6 25. Bxg7 Kxg7 26. h4 Ne5 27. Rd2 Rh8 28. Ra3 Rb4 29. Ra1 Qb6 30. Rf1 Rb8 31. Rf2 Qxf2 32. Qxf2 Ng4+ 33. Kh3 Nxf2+ 34. Rxf2 Rxb2 35. Rf4 R8b3 0-1

[Event "MGL-ch blitz"]
[Site "Ulaanbaatar"]
[Date "2015.09.18"]
[Round "14"]
[White "Ariunbuuvei, Badamdorj"]
[Black "Khatanbaatar, Bazar"]
[Result "0-1"]
[WhiteElo "1997"]
[BlackElo "2375"]
[PlyCount "64"]
[EventDate "2015.09.18"]
[EventType "tourn (blitz)"]
[EventRounds "15"]
[EventCountry "MGL"]
[SourceTitle "EXT 2016"]
[Source "ChessBase"]
[SourceDate "2015.10.08"]
[SourceVersion "1"]
[SourceVersionDate "2015.10.08"]
[SourceQuality "1"]

1. g3 c5 2. e4 d5 3. exd5 Qxd5 4. Nf3 Bg4 5. Bg2 Qe6+ 6. Qe2 Qxe2+ 7. Kxe2 Nc6 8. c3 0-0-0 9. h3 Bf5 10. Ne1 Ne5 11. f4 Nd3 12. Na3 h5 13. Nc4 f6 14. Ne3 Nxc1+ 15. Rxc1 Be6 16. b3 Bd7 17. Nd3 e6 18. a4 Nh6 19. a5 Nf5 20. Nxf5 exf5 21. a6 b6 22. h4 Bd6 23. Kf2 Bb8 24. Bb7+ Kc7 25. b4 Bc6 26. Bxc6 Kxc6 27. Ne1 Rxd2+ 28. Kf3 Bd6 29. Rc2 Rd1 30. bxc5 Bxc5 31. Rch2 Re8 32. Nc2 Rd3+ 0-1

[Event "MGL-ch blitz"]
[Site "Ulaanbaatar"]
[Date "2015.09.18"]
[Round "13"]
[White "Nasanjargal, Urtnasan"]
[Black "Ariunbuuvei, Badamdorj"]
[Result "1-0"]
[WhiteElo "2372"]
[BlackElo "1997"]
[PlyCount "53"]
[EventDate "2015.09.18"]
[EventType "tourn (blitz)"]
[EventRounds "15"]
[EventCountry "MGL"]
[SourceTitle "EXT 2016"]
[Source "ChessBase"]
[SourceDate "2015.10.08"]
[SourceVersion "1"]
[SourceVersionDate "2015.10.08"]
[SourceQuality "1"]

1. e4 e5 2. Nf3 Nc6 3. Nc3 Nf6 4. d4 exd4 5. Nxd4 d6 6. Be2 g6 7. Bg5 Bg7 8. Nd5 h6 9. Bxf6 Bxf6 10. Nb5 0-0 11. Nbxc7 Rb8 12. Nxf6+ Qxf6 13. c3 Be6 14. 0-0 Rbd8 15. Qd2 Rd7 16. Nxe6 fxe6 17. Qxh6 Rh7 18. Qe3 Kg7 19. h3 Rh4 20. Rad1 Qe5 21. Bg4 Rfh8 22. f4 Qb5 23. b3 d5 24. Bxe6 dxe4 25. Rd7+ Kf6 26. Bc4 Qf5 27. Rf7# 1-0

[Event "Wch U18"]
[Site "Maribor"]
[Date "2012.11.14"]
[Round "7.31"]
[White "Rindlisbacher, Jan"]
[Black "Ariunbuuvei, Badamdorj"]
[Result "1/2-1/2"]
[WhiteElo "2246"]
[BlackElo "1995"]
[PlyCount "103"]
[EventDate "2012.11.08"]
[EventType "swiss"]
[EventRounds "11"]
[EventCountry "SLO"]
[SourceTitle "EXT 2013"]
[Source "ChessBase"]
[SourceDate "2012.11.22"]
[SourceVersion "1"]
[SourceVersionDate "2012.11.22"]
[SourceQuality "1"]

1. d4 Nf6 2. c4 e6 3. g3 d5 4. Nf3 dxc4 5. Bg2 Bb4+ 6. Bd2 a5 7. 0-0 c6 8. Bxb4 axb4 9. Ne5 c3 10. bxc3 bxc3 11. Nxc3 0-0 12. e3 Nbd7 13. Nc4 Qc7 14. Qb3 b6 15. Rfc1 Bb7 16. a4 Rfb8 17. Rab1 Ra6 18. Na3 c5 19. Nab5 Qd8 20. Bxb7 Rxb7 21. d5 exd5 22. Nxd5 Ne5 23. Rd1 Nxd5 24. Rxd5 Qe7 25. Rbd1 Ra8 26. Nd6 Rbb8 27. e4 Nc6 28. Rf5 Qe6 29. Qxe6 fxe6 30. Rf7 Nd4 31. Rc7 Rd8 32. e5 Nf3+ 33. Kg2 Nxe5 34. Re1 Rxd6 35. Rxe5 Rxa4 36. h4 Rad4 37. Re3 R4d5 38. Rb3 Rd3 39. Rb2 R3d4 40. Rb3 e5 41. Rb7 Rc6 42. Rf3 Rf6 43. Ra3 Rd8 44. Raa7 Rg6 45. Kh2 h5 46. Ra6 c4 47. Rc7 Re8 48. Rxc4 Re7 49. Rc8+ Kh7 50. Rb8 Ree6 51. Rb7 Kg8 52. Kg2 1/2-1/2

[Event "Wch U18"]
[Site "Maribor"]
[Date "2012.11.10"]
[Round "3.32"]
[White "Ariunbuuvei, Badamdorj"]
[Black "Lindgren, Philip"]
[Result "1/2-1/2"]
[WhiteElo "1995"]
[BlackElo "2269"]
[PlyCount "136"]
[EventDate "2012.11.08"]
[EventType "swiss"]
[EventRounds "11"]
[EventCountry "SLO"]
[SourceTitle "EXT 2013"]
[Source "ChessBase"]
[SourceDate "2012.11.22"]
[SourceVersion "1"]
[SourceVersionDate "2012.11.22"]
[SourceQuality "1"]

1. d4 d5 2. c4 c6 3. Nf3 Nf6 4. Nc3 e6 5. Bg5 h6 6. Bh4 dxc4 7. e4 g5 8. Bg3 b5 9. Be2 Bb7 10. Qc2 Nbd7 11. Rd1 Qb6 12. h4 g4 13. Ne5 Rg8 14. Nxd7 Nxd7 15. 0-0 a6 16. e5 0-0-0 17. Qh7 Rg7 18. Qxh6 c5 19. d5 exd5 20. Qf4 d4 21. Bxg4 Rxg4 22. Qxg4 dxc3 23. bxc3 Qe6 24. Qh5 Be4 25. f4 Qf5 26. Qe2 Nb6 27. Rxd8+ Kxd8 28. Re1 Bd5 29. Bh2 Qd3 30. Qf2 Qf5 31. Qe2 Be6 32. Qf3 Kc7 33. Bg3 Bd5 34. Qe3 Kc6 35. a3 Na4 36. Rd1 Qc2 37. Rd2 Qxc3 38. Qe1 Nb2 39. Kh2 Nd3 40. Qe2 Bh6 41. Qg4 Kc7 42. Re2 Qd4 43. e6 fxe6 44. f5+ e5 45. Qg6 Bf4 46. h5 Bxg3+ 47. Qxg3 Nf4 48. Qg7+ Kb6 49. Ra2 Nxh5 50. Qg6+ Ka5 51. Qxh5 c3 52. Re2 Qf4+ 53. Kg1 Be4 54. Qh3 Qc1+ 55. Kh2 Qf4+ 56. Kg1 b4 57. axb4+ Kxb4 58. Rf2 Qg5 59. f6 c2 60. Rxc2 Bxc2 61. f7 Qc1+ 62. Kf2 Qd2+ 63. Kg1 Qc1+ 64. Kf2 Qd2+ 65. Kg1 Qc1+ 66. Kf2 Qd2+ 67. Kg1 Qc1+ 68. Kf2 Qd2+ 1/2-1/2

[Event "World University-ch 12th"]
[Site "Guimaraes"]
[Date "2012.08.20"]
[Round "1"]
[White "Ariunbuuvei, Badamdorj"]
[Black "Botta, Gabriele"]
[Result "1-0"]
[WhiteElo "1934"]
[BlackElo "2322"]
[PlyCount "69"]
[EventDate "2012.08.20"]
[EventType "swiss"]
[EventRounds "9"]
[EventCountry "POR"]
[SourceTitle "CBM 150 Extra"]
[Source "ChessBase"]
[SourceDate "2012.10.19"]
[SourceVersion "1"]
[SourceVersionDate "2012.10.19"]
[SourceQuality "1"]

1. d4 d5 2. c4 c6 3. Nf3 e6 4. Nc3 dxc4 5. e4 b5 6. a4 Bb4 7. Bd2 a5 8. axb5 Bxc3 9. Bxc3 cxb5 10. b3 Bb7 11. d5 Nf6 12. bxc4 b4 13. Bd4 0-0 14. Bd3 exd5 15. exd5 Re8+ 16. Be3 Ng4 17. 0-0 Nxe3 18. fxe3 Rxe3 19. Qd2 Qb6 20. Kh1 Nd7 21. Nd4 Re5 22. Qf4 f6 23. Qh4 Nf8 24. Ne6 Nxe6 25. Bxh7+ Kf7 26. Rae1 Rxe1 27. Rxe1 Ng5 28. Qh5+ Kf8 29. Bg6 Kg8 30. h4 Qf2 31. Rd1 Ne6 32. Bf7+ Kf8 33. Bxe6 Ke7 34. Qf7+ Kd6 35. Qd7+ 1-0